Tropical medicine (Record no. 211678)
[ view plain ]
| 000 -LEADER | |
|---|---|
| fixed length control field | 02391nam a2200373 a 4500 |
| 082 04 - DEWEY DECIMAL CLASSIFICATION NUMBER | |
| Classification number | 616.9/883 |
| 100 1# - MAIN ENTRY--AUTHOR NAME | |
| Personal name | Cahill, Kevin M. |
| 245 10 - TITLE STATEMENT | |
| Title | Tropical medicine |
| 250 ## - EDITION STATEMENT | |
| Edition statement | 8th ed., rev. and expanded. |
| 260 ## - PUBLICATION, DISTRIBUTION, ETC. (IMPRINT) | |
| Place of publication | New York : |
| Name of publisher | Fordham University Press, |
| Year of publication | 2011. |
| 300 ## - PHYSICAL DESCRIPTION | |
| Number of Pages | xiv, 304 p. : |
| Other physical details | ill. |
| 490 1# - SERIES STATEMENT | |
| Series statement | International humanitarian affairs |
| 520 ## - SUMMARY, ETC. | |
| Summary, etc | "The history of tropical medicine is as dramatic as the story of mankind--with its own myths and legends, with tales of epidemics destroying whole civilizations; and, still today, with silent stealth, these diseases claim more lives than all the current wars combined. Having had the privilege of working throughout Africa, Asia, and Latin America, as well as in the great medical centers of Europe and the United States, the author presents the essential details for understanding pathogenesis, clinical manifestations, therapy, and prevention of the major tropical diseases. The text, now in its [eighth] edition, has been used for a half-century by medical students, practicing physicians, and public health workers around the world. This fascinating book should also be of interest to a broad, nonmedical readership interested in world affairs. All royalties from the sale of this book go to the training of humanitarian workers"--Provided by publisher. |
| 650 #0 - SUBJECT ADDED ENTRY--TOPICAL TERM | |
| Topical Term | Tropical medicine. |
| 856 40 - ELECTRONIC LOCATION AND ACCESS | |
| Uniform Resource Identifier | http://site.ebrary.com/lib/rucke/Doc?id=10586781 |
No items available.
